Geography Quiz

Random Geography or Asia Quiz

AP Human Geo West Asia Quiz Stats

 Plays Quiz not verified by Sporcle

Challenge
Share
Tweet
Score 0/26 Timer 05:00
0 Plays Today
% Correct
Iran
88%
Turkey
87.5%
Yemen
87.5%
Syria
86.5%
S.A.
85.6%
Oman
85.6%
Lebanon
85.1%
Iraq
84.1%
UAE
84.1%
Jordan
83.2%
India
83.2%
Israel
82.7%
Georgia
81.3%
% Correct
Kuwait
80.8%
Qatar
80.8%
Afghanistan
80.8%
Pakistan
80.8%
Uzbekistan
76%
Armenia
75.5%
Bahrain
74%
Turkmenistan
74%
Kazakhstan
70.2%
Tajikistan
70.2%
Kyrgyzstan
67.3%
Azerbaijan
65.9%
P.A.
63.5%

You're not logged in!

Compare scores with friends on all Sporcle quizzes.
OR
Log In

You Might Also Like...

Show Comments

Extras

Created Nov 17, 2016ReportNominate
Tags:Asia Quiz, geo, human, west

Top Quizzes Today


Score Distribution

Your Account Isn't Verified!

In order to create a playlist on Sporcle, you need to verify the email address you used during registration. Go to your Sporcle Settings to finish the process.

Report this User

Report this user for behavior that violates our Community Guidelines.

Details: